Fill in the Blank - Disney Movies - Statistics

General Stats
  • This quiz has been taken 4,846 times
  • The average score is 14 of 15
Answer Stats
Hint Answer % Correct
The Lion ____ King
99%
____ _____ and the Seven Dwarfs Snow White
99%
Alice in __________ Wonderland
99%
______ and the Beast Beauty
98%
Jungle ____ Book
98%
___ Dalmatians One Hundred and One
98%
_____ Pan Peter
98%
Wreck-It _____ Ralph
95%
_____ Hood Robin
94%
Princess and ___ ____ The Frog
93%
Lady and the _____ Tramp
92%
________ Beauty Sleeping
91%
The Little _______ Mermaid
89%
The _________ of Notre Dame Hunchback
87%
The Emperor's New ______ Groove
80%
No matching quizzes found
Score Distribution
Percent of People with Each Score
Percentile by Number Answered
Your Score History
You have not taken this quiz